000 00839nam a22002297a 4500
999 _c2244
_d2244
003 AR-CdUCM
008 190304b ||||| |||| 00| 0 eng d
040 _aMUNICIPALIDAD PROVINCIAL DEL CUSCO
_cBIBLIOTECA MUNICIPAL DEL CUSCO
041 _heng
082 _a320.4 /
_bK66
100 _aKnorr, Klaus
_98075
245 _aLa política de poder en la era nuclear /
260 _aBuenos Aires :
_bTroquel,
_c1969.
300 _a199 paginas ;
_c23 cm.
505 _aEl problema y sus problemas -- Objetivos internacionales del poder militar -- Algunas limitaciones del poder militar -- Las grandes potencias nucleares ...
650 _aPoder internacional
_98076
650 _aPotencias nucleares
_98077
650 _aRelaciones internacionales
_93395
700 _aViñuales, Carlos Alberto
_98078
942 _2ddc
_cLIBROS
945 _aacv